000 00262nam a2200109Ia 4500
008 201231s9999 xx 000 0 und d
100 _aLewis, J. H.
245 0 _aLife Saving Appliance Manual
260 _aLondon
_bStanford Maritime
300 _a76
942 _cBK
999 _c10113
_d10113